| 000 | 00645nam a2200205 i 4500 | ||
|---|---|---|---|
| 001 | 89274 | ||
| 003 | ES-MaACL | ||
| 005 | 20250929063139.0 | ||
| 007 | t| | ||
| 008 | 050105s1919 sp ||||1| spa d | ||
| 100 | 1 |
_aLa Rochefoucauld, François, _cduc de _9138636 |
|
| 245 | 1 | 0 |
_aMemorias / _cLa Rochefoucauld ; traducción por Cipriano Rivas Cherif. |
| 260 |
_aMadrid : _bCalpe, _c1919. |
||
| 300 |
_a297 p. ; _c16 cm. |
||
| 490 | 1 |
_aUniversal ; _v11, 13 |
|
| 700 | 1 |
_aRivas Cherif, Cipriano de, _d1891-1967 _997572 |
|
| 830 | 0 |
_aUniversal ; _v11, 13 _9189185 |
|
| 852 |
_aES-MaACL _jA-10301 _bR.98300 |
||
| 999 |
_c89274 _d89274 |
||